El capitalismo contemporáneo regulación y crisis /
Gardado en:
| Autor Principal: | |
|---|---|
| Formato: | Libro |
| Idioma: | Spanish |
| Publicado: |
México :
Nuestro Tiempo,
1988.
|
| Series: | Desarrollo
|
| Materias: | |
| Acceso en liña: | http://ru.iiec.unam.mx/2299/1/ElCapitalismoContemporaneo.pdf |
| Etiquetas: |
Engadir etiqueta
Sen Etiquetas, Sexa o primeiro en etiquetar este rexistro!
|
MARC
| LEADER | 00000nam a22000007a 4500 | ||
|---|---|---|---|
| 008 | 150318s1988 m | |||| 00| 0 spa d | ||
| 020 | |a 9684271387 | ||
| 040 | |a CRU CIICLA | ||
| 082 | |a 330.15 |b B528c | ||
| 100 | 1 | |a Bernis, Gérard de |d 1928-2010 | |
| 245 | 1 | 3 | |a El capitalismo contemporáneo |b regulación y crisis / |c Gérard de Bernis |
| 260 | |a México : |b Nuestro Tiempo, |c 1988. | ||
| 300 | |a 256 páginas | ||
| 490 | 1 | |a Desarrollo | |
| 650 | 1 | 4 | |a CAPITALISMO |
| 856 | |u http://ru.iiec.unam.mx/2299/1/ElCapitalismoContemporaneo.pdf | ||
| 942 | |2 ddc |c BK | ||
| 999 | |c 4010 |d 4010 | ||



